| 000 -LEADER |
| fixed length control field |
00748cam a22002294a 4500 |
| 005 - DATE AND TIME OF LATEST TRANSACTION |
| control field |
20131028102548.0 |
| 008 - FIXED-LENGTH DATA ELEMENTS--GENERAL INFORMATION |
| fixed length control field |
041028s2005 nju b 000 0 eng |
| 020 ## - INTERNATIONAL STANDARD BOOK NUMBER |
| International Standard Book Number |
0765802732 |
| 041 0# - LANGUAGE CODE |
| Language code of text/sound track or separate title |
eng |
| 080 ## - UNIVERSAL DECIMAL CLASSIFICATION NUMBER |
| Universal Decimal Classification number |
327 |
| 245 00 - TITLE STATEMENT |
| Title |
Challenges of globalization : |
| Statement of responsibility, etc |
Alfred Pfaller, Marika Lerch, editors. |
| 260 ## - |
| -- |
New Brunswick, N.J. : |
| -- |
Transaction Publishers, |
| -- |
c2005. |
| 300 ## - |
| -- |
vii, 267 p. ; |
| -- |
24 cm. |
| 500 ## - |
| -- |
Acknowledgements : f. VII |
| 504 ## - BIBLIOGRAPHY, ETC. NOTE |
| Bibliography, etc |
Includes bibliographical references. |
| 650 #0 - |
| -- |
Marrëdhëniet ekonomike ndërkombëtare |
| 650 #0 - |
| -- |
Nacionalizmi |
| 650 #0 - |
| -- |
Globalizimi |
| 700 1# - |
| -- |
Pfaller, Alfred. |
| 700 1# - |
| -- |
Lerch, Marika. |
| 942 ## - ADDED ENTRY ELEMENTS (KOHA) |
| Source of classification or shelving scheme |
|
| Item type |
Books |